| 000 | 01383cam a22003255a 4500 | ||
|---|---|---|---|
| 001 | 18734561 | ||
| 005 | 20160726151544.0 | ||
| 008 | 150807s2015 enk frb 001 0 eng d | ||
| 010 | _a 2014504198 | ||
| 020 | _a1849465754 (paperback) | ||
| 020 | _a9781849465755 (paperback) | ||
| 040 |
_aDLC _beng _cDLC _dEG-ScBUE |
||
| 042 | _apcc | ||
| 043 |
_ae-uk-en _ae-uk-wl |
||
| 082 | 0 | 4 |
_222 _a346.42043 _bGAR |
| 100 | 1 |
_aGardner, Simon, _d1954- _940466 |
|
| 245 | 1 | 3 |
_aAn introduction to land law / _cSimon Gardner and Emily MacKenzie. |
| 250 | _a4th ed. | ||
| 260 |
_aOxford ; _aPortland, Oregon : _bHart Publishing Ltd / Bloosbury Publishing plc, _cc.2015. |
||
| 300 |
_axlii, 437 p. ; _c24 cm. |
||
| 500 | _aIndex : p. 437-428. | ||
| 504 | _aIncludes bibliographical references. | ||
| 505 | 0 | _aRights in Rem -- Human rights -- When are disponces bound? -- Consenting out of a right -- Conferment -- Contracts to confer -- Adverse possession and prescription -- Proprietary estoppel -- Constructive trusts -- Ownership -- Leases -- Mortgages -- Easements -- Restrictive covenants -- Trust rights 1 -- Trust rights 2 --Licences. | |
| 650 | 7 |
_aReal property _2BUEsh _zEngland. _940468 |
|
| 650 | 7 |
_aReal property _2BUEsh _zWales. _940469 |
|
| 651 | _2BUEsh | ||
| 653 |
_bLLAAWW _cJuly2016 |
||
| 700 | 1 |
_aMacKenzie, Emily‏ _eauthor. _940467 |
|
| 942 |
_2ddc _e22 _k346.42043 GAR |
||
| 999 |
_c22037 _d22009 |
||